| 000 | 00962nam0a2200289 4500 | ||
|---|---|---|---|
| 001 | RU\NLR\bibl\24537 | ||
| 005 | 20250615020258.0 | ||
| 010 |
_a5-257-00623-5 _920000 |
||
| 021 |
_aRU _b99-6671 _9324 |
||
| 035 | _a(NLR Aleph) 000023917 | ||
| 090 |
_a113465 _c113466 |
||
| 100 | _a19990426d1999 |||y0rusy50 ca | ||
| 101 | 0 | _arus | |
| 102 | _aRU | ||
| 105 | _a||||||||||||| | ||
| 200 | 1 |
_aВредные советы _eКн. для непослуш. детей и их родителей _fГригорий Остер _gХудож. А.Мартынов |
|
| 210 |
_aМ. _cРосмэн _d1999 |
||
| 215 |
_a[106] с. _cцв. ил. _d28 |
||
| 686 | _aШ9(2)62=Р7-5 | ||
| 700 | 1 |
_aОстер _bГ. Б. _f1947- _gГригорий Бенционович _4070 |
|
| 801 | 0 |
_aRU _bNLR _c19990426 _gPSBO |
|
| 801 | 1 |
_aRU _bNLR _c19990426 |
|
| 852 |
_aNLR _j99-8/356 |
||
| 942 | _cBOOK | ||
| 980 | _aNB | ||